Notes on Muhammadanism / (Record no. 20285)

MARC details
000 -LEADER
fixed length control field 00657cam a2200241u 4500
001 - CONTROL NUMBER
control field 7672689
003 - CONTROL NUMBER IDENTIFIER
control field BDDh-ASL
005 - DATE AND TIME OF LATEST TRANSACTION
control field 20231015025852.0
008 - FIXED-LENGTH DATA ELEMENTS--GENERAL INFORMATION
fixed length control field 821206s18771894xx 000 0 eng
010 ## - LIBRARY OF CONGRESS CONTROL NUMBER
LC control number unk82075399
040 ## - CATALOGING SOURCE
Original cataloging agency DLC
Transcribing agency CarP
Modifying agency DLC
-- BDDh-ASL
050 00 - LIBRARY OF CONGRESS CALL NUMBER
Classification number BP161
Item number .H8
082 ## - DEWEY DECIMAL CLASSIFICATION NUMBER
Classification number 297.07
Item number HUN
100 1# - MAIN ENTRY--PERSONAL NAME
Personal name Hughes, Thomas Patrick,
Dates associated with a name 1838-1911.
245 10 - TITLE STATEMENT
Title Notes on Muhammadanism /
260 ## - PUBLICATION, DISTRIBUTION, ETC.
Place of publication, distribution, etc. [n.p.]
Date of publication, distribution, etc. 1877.
Name of publisher, distributor, etc. Wm. H. Allin & Co.,
300 ## - PHYSICAL DESCRIPTION
Extent 288 p.:
Other physical details 20 cm.
504 ## - BIBLIOGRAPHY, ETC. NOTE
Bibliography, etc. note Include Index
650 #0 - SUBJECT ADDED ENTRY--TOPICAL TERM
9 (RLIN) 1652
Topical term or geographic name entry element Islam
650 #0 - SUBJECT ADDED ENTRY--TOPICAL TERM
9 (RLIN) 2634
Topical term or geographic name entry element Muhammadanism
906 ## - LOCAL DATA ELEMENT F, LDF (RLIN)
a 0
b cbc
c premunv
d u
e ncip
f 19
g y-gencatlg
942 ## - ADDED ENTRY ELEMENTS (KOHA)
Source of classification or shelving scheme Dewey Decimal Classification
Koha item type Books
Holdings
Withdrawn status Lost status Source of classification or shelving scheme Damaged status Not for loan Collection code Home library Current library Shelving location Date acquired Source of acquisition Total Checkouts Full call number Barcode Date last seen Copy number Price effective from Koha item type Public note
    Dewey Decimal Classification   Not For Loan Non-fiction Asiatic Society Library Asiatic Society Library General Stacks 12/29/2020 ASB Collection   297.07 HUN 103697 12/29/2020 C-1 12/29/2020 Books RARE

Powered by Koha